[Event "NNM i Tromso 2017"]
[Site "Veitasenteret"]
[Date "2017.06.02"]
[Round "1"]
[White "Greibrokk, Maria"]
[Black "Mikalsen, Bengt Arne"]
[Result "1-0"]
[WhiteElo "1623"]
[BlackElo "1727"]
[PlyCount "49"]
[EventDate "2017.??.??"]
[Source "ChessBase"]
[SourceDate "2009.11.30"]

1. e4 e6 2. d4 d5 3. Nd2 Bd7 4. Bd3 dxe4 5. Nxe4 Be7 6. Nf3 Nf6 7. O-O O-O 8.
Bd2 Bc6 9. Ng3 Nbd7 10. c3 Re8 11. Qe2 Bxf3 12. Qxf3 e5 13. d5 Nc5 14. c4 g6
15. Bc2 Bd6 16. b4 e4 17. Qc3 Be5 18. Qe3 Bxa1 19. bxc5 Be5 20. Nf5 Qd7 21. h3
Rad8 22. f4 exf3 23. Rxf3 Nxd5 24. cxd5 Qxd5 25. Bb3 
1-0

[Event "NNM i Tromso 2017"]
[Site "Veitasenteret"]
[Date "2017.06.02"]
[Round "1"]
[White "Vestjord, Harald Christian"]
[Black "Schmidt, Kristian H"]
[Result "0-1"]
[WhiteElo "1760"]
[BlackElo "1530"]
[PlyCount "84"]
[EventDate "2017.??.??"]
[Source "ChessBase"]
[SourceDate "2009.11.30"]

1. d4 Nf6 2. Nf3 e6 3. c4 b6 4. Nc3 Bb7 5. Bg5 Be7 6. e3 h6 7. Bh4 d6 8. Qc2
Nbd7 9. e4 g5 10. Bg3 Nh5 11. Be2 Nf4 12. Bxf4 gxf4 13. O-O-O c5 14. dxc5 bxc5
15. e5 Qb6 16. exd6 Bf6 17. Rd3 Rb8 18. Rd2 Bc6 19. Ne1 Ne5 20. Ne4 Bg7 21. f3
Kd7 22. Nd3 Nxd3+ 23. Bxd3 Bd4 24. Kb1 Qa5 25. b3 Rb6 26. Qd1 Rhb8 27. Bc2 Qa3
28. Bd3 Ba4 29. Qc2 Bxb3 30. Qxb3 Rxb3+ 31. axb3 Rxb3+ 32. Kc2 Rb2+ 33. Kd1
Qa1+ 34. Ke2 Qxh1 35. Rxb2 Bxb2 36. g4 fxg3 37. hxg3 Qg2+ 38. Kd1 Qxf3+ 39. Kc2
Bd4 40. Nd2 Qxg3 41. Be4 a5 42. Kb1 Qc3 
0-1

[Event "NNM i Tromso 2017"]
[Site "Veitasenteret"]
[Date "2017.06.02"]
[Round "1"]
[White "Vik-Hansen, Rune"]
[Black "Holand, Per Fredrik"]
[Result "1-0"]
[WhiteElo "1882"]
[BlackElo "1726"]
[PlyCount "107"]
[EventDate "2017.??.??"]
[Source "ChessBase"]
[SourceDate "2009.11.30"]

1. e4 c5 2. Nf3 Nc6 3. d3 g6 4. Nbd2 d5 5. g3 Bg7 6. Bg2 Nf6 7. O-O O-O 8. Re1
dxe4 9. dxe4 Qc7 10. c3 Rd8 11. Qe2 Bg4 12. h3 Bxf3 13. Nxf3 Nd7 14. Bf4 Qb6
15. e5 Nf8 16. Rad1 Ne6 17. Bc1 Qa5 18. a3 b5 19. Ng5 Rxd1 20. Rxd1 Rc8 21.
Nxe6 fxe6 22. Qg4 Nd8 23. Bf4 Qb6 24. h4 Nf7 25. Bh3 Rc6 26. Qe2 b4 27. cxb4
cxb4 28. Bg2 Rc7 29. Qe4 Qb8 30. Bh3 bxa3 31. bxa3 Qc8 32. Be3 Rc4 33. Rd4 Rxd4
34. Bxd4 Qc1+ 35. Kh2 Qxa3 36. Bxe6 Qa4 37. Qf4 Qe8 38. Bxa7 Qf8 39. Bd4 Qe8
40. g4 Qf8 41. Kg3 Qe8 42. g5 Qf8 43. Kg4 Qe8 44. h5 Qf8 45. h6 Bh8 46. Bxf7+
Qxf7 47. Qxf7+ Kxf7 48. e6+ Kg8 49. Bxh8 Kxh8 50. Kf4 Kg8 51. Ke5 Kf8 52. Kd5
Ke8 53. Kc6 Kd8 54. Kb7 
1-0

[Event "NNM i Tromso 2017"]
[Site "Veitasenteret"]
[Date "2017.06.02"]
[Round "1"]
[White "Merzliakov, Vladimir"]
[Black "Schouten, Mathias Lind"]
[Result "0-1"]
[WhiteElo "1489"]
[BlackElo "1698"]
[PlyCount "34"]
[EventDate "2017.??.??"]
[Source "ChessBase"]
[SourceDate "2009.11.30"]

1. d4 Nf6 2. c4 c5 3. d5 b5 4. e3 bxc4 5. Bxc4 Ba6 6. Bxa6 Nxa6 7. Nc3 g6 8.
Nf3 Bg7 9. O-O O-O 10. e4 d6 11. Qd3 Nb8 12. Re1 Ng4 13. h3 Ne5 14. Nxe5 Bxe5
15. f4 Bg7 16. Re2 Qb6 17. Rb1 c4+ 
0-1

[Event "NNM i Tromso 2017"]
[Site "Veitasenteret"]
[Date "2017.06.02"]
[Round "1"]
[White "Valvåg, Torbjørn"]
[Black "Lund, Gunnar"]
[Result "0-1"]
[WhiteElo "1524"]
[BlackElo "1914"]
[Annotator "RV-H"]
[PlyCount "52"]
[EventDate "2017.??.??"]
[Source "ChessBase"]
[SourceDate "2009.11.30"]

1. d4 Nf6 2. Bf4 d5 3. e3 e6 4. Nf3 c5 5. c3 Nc6 6. Bd3 Bd6 7. Bg3 O-O 8. Nbd2
b6 9. Ne5 Bb7 10. O-O h6 11. f4 Ne7 12. Qf3 Nf5 13. Bf2 Be7 14. Bxf5 exf5 15.
h3 Ne4 16. Nxe4 dxe4 17. Qh5 cxd4 18. exd4 Rc8 19. Be3 b5 20. g4 Bf6 21. g5
hxg5 22. fxg5 Bxe5 23. dxe5 b4 24. e6 Rc7 25. Bc5 g6 26. exf7+ Rfxf7 {
Noteringsskjemaet sier intet om hvilket tårn som går til f7.} 
0-1

[Event "NNM i Tromso 2017"]
[Site "Veitasenteret"]
[Date "2017.06.02"]
[Round "1"]
[White "Engegård, Ødøn Toth"]
[Black "Johansen, Gøran"]
[Result "1-0"]
[WhiteElo "1926"]
[BlackElo "1669"]
[PlyCount "77"]
[EventDate "2017.??.??"]
[Source "ChessBase"]
[SourceDate "2009.11.30"]

1. e4 c5 2. c3 Nf6 3. e5 Nd5 4. Bc4 e6 5. Nf3 Nb6 6. Bb3 d5 7. d4 h6 8. O-O Nc6
9. Bf4 Bd7 10. Bc2 a6 11. Re1 Be7 12. h3 Qc7 13. Nbd2 cxd4 14. Nxd4 Nxd4 15.
cxd4 Qd8 16. Re3 Rc8 17. Bd3 Nc4 18. Bxc4 dxc4 19. Ne4 Bc6 20. Nd6+ Bxd6 21.
exd6 Bd5 22. Qh5 g5 23. Be5 Rh7 24. f4 Kd7 25. Rf1 Qg8 26. f5 exf5 27. Rxf5 Qg6
28. Qxg6 fxg6 29. Rf6 Rg8 30. Bg3 Rhg7 31. Re5 Bc6 32. Rc5 Rc8 33. Be5 b5 34.
d5 Bb7 35. Rc7+ Rxc7 36. dxc7 Re7 37. Bg3 Bc8 38. Rxg6 Bb7 39. Rxh6 
1-0

[Event "NNM i Tromso 2017"]
[Site "Veitasenteret"]
[Date "2017.06.03"]
[Round "2"]
[White "Schmidt, Kristian H"]
[Black "Greibrokk, Maria"]
[Result "1-0"]
[WhiteElo "1530"]
[BlackElo "1623"]
[PlyCount "103"]
[EventDate "2017.??.??"]
[Source "ChessBase"]
[SourceDate "2009.11.30"]

1. b4 e5 2. Bb2 d6 3. e3 Nf6 4. Be2 Be7 5. c4 Be6 6. Nc3 Nbd7 7. Rc1 O-O 8. Nf3
Rb8 9. Qc2 c6 10. a4 d5 11. c5 Ng4 12. h3 Nh6 13. Nd1 Qc7 14. g4 f5 15. g5 Nf7
16. h4 h5 17. g6 Nh6 18. Ng5 Bxg5 19. hxg5 Ng4 20. Qc3 d4 21. exd4 exd4 22.
Qxd4 Qe5 23. Qxe5 Ngxe5 24. f4 Nxg6 25. Rf1 Rbe8 26. Ne3 Ne7 27. Bxh5 g6 28.
Be2 Nd5 29. Nxd5 Bxd5 30. Kd1 Rf7 31. Bc4 Bxc4 32. Rxc4 Rh7 33. Rd4 Nf8 34. Rd6
Re6 35. Be5 Ree7 36. Rf3 Ne6 37. Kc2 Kf7 38. Kc3 Nf8 39. d4 Nd7 40. b5 Nxe5 41.
dxe5 Rc7 42. Kb4 cxb5 43. axb5 Rh1 44. Rc3 Rf1 45. Rd4 Rb1+ 46. Kc4 Ra1 47. Rd6
Ra4+ 48. Kd5 Rb4 49. e6+ Ke7 50. Rh3 Kf8 51. Rh8+ Kg7 52. Rd7+ 
1-0

[Event "NNM i Tromso 2017"]
[Site "Veitasenteret"]
[Date "2017.06.03"]
[Round "2"]
[White "Schjelderup, Nils-Jakob"]
[Black "Vestjord, Harald Christian"]
[Result "1/2-1/2"]
[WhiteElo "1831"]
[BlackElo "1760"]
[PlyCount "51"]
[EventDate "2017.??.??"]
[Source "ChessBase"]
[SourceDate "2009.11.30"]

1. e4 c6 2. d4 d5 3. exd5 cxd5 4. Bd3 Nc6 5. c3 Qc7 6. f4 Nf6 7. Nf3 Bg4 8. O-O
e6 9. Qe1 Be7 10. Ne5 O-O 11. Nd2 Rab8 12. Ndf3 b5 13. Ng5 h6 14. Ngf3 b4 15.
Nxc6 Qxc6 16. Ne5 Qd6 17. f5 Bxf5 18. Bxf5 exf5 19. Rxf5 bxc3 20. bxc3 Qe6 21.
Rf3 Bd6 22. Bf4 Nh5 23. Nd3 Nxf4 24. Nxf4 Qxe1+ 25. Rxe1 Bxf4 26. Rxf4 
1/2-1/2

[Event "NNM i Tromso 2017"]
[Site "Veitasenteret"]
[Date "2017.06.03"]
[Round "2"]
[White "Holand, Per Fredrik"]
[Black "Merzliakov, Vladimir"]
[Result "0-1"]
[WhiteElo "1726"]
[BlackElo "1489"]
[PlyCount "74"]
[EventDate "2017.??.??"]
[Source "ChessBase"]
[SourceDate "2009.11.30"]

1. Nf3 Nf6 2. c4 e6 3. g3 c5 4. Bg2 Nc6 5. d4 cxd4 6. Nxd4 d5 7. O-O Be7 8. Nc3
O-O 9. cxd5 exd5 10. Nb3 Be6 11. Be3 Rc8 12. Qd2 Bb4 13. a3 Bxc3 14. Qxc3 Ne4
15. Qd3 Ne5 16. Qd4 Nc6 17. Qa4 f5 18. Rfd1 Qe7 19. Nd4 Nxd4 20. Bxd4 b6 21.
Rac1 Nc5 22. Bxc5 Rxc5 23. Rxc5 Qxc5 24. Bf3 a5 25. b4 Qc4 26. Rd3 Rd8 27. Qb3
Qxb3 28. Rxb3 d4 29. Rd3 Bc4 30. Rd2 Kf7 31. e3 d3 32. e4 Kf6 33. Bg2 Ke5 34.
exf5 Kd4 35. Kf1 Kc3 36. Ke1 Re8+ 37. Kd1 Bb3+ 
0-1

[Event "NNM i Tromso 2017"]
[Site "Veitasenteret"]
[Date "2017.06.03"]
[Round "2"]
[White "Schouten, Mathias Lind"]
[Black "Vik-Hansen, Rune"]
[Result "1-0"]
[WhiteElo "1698"]
[BlackElo "1882"]
[PlyCount "81"]
[EventDate "2017.??.??"]
[Source "ChessBase"]
[SourceDate "2009.11.30"]

1. e4 c5 2. Nf3 d6 3. Bc4 e6 4. d4 cxd4 5. Nxd4 Nf6 6. Nc3 a6 7. Qf3 Qb6 8.
Nde2 Be7 9. O-O O-O 10. Nf4 Qc7 11. Bd3 Nbd7 12. Nh5 Ne5 13. Qh3 Nxh5 14. Qxh5
Nxd3 15. cxd3 Bf6 16. Bd2 Bd7 17. Rac1 Qb6 18. b3 g6 19. Qh3 Rac8 20. Nd5 exd5
21. Qxd7 Rxc1 22. Rxc1 dxe4 23. dxe4 Bd4 24. Bh6 Bg7 25. Bxg7 Kxg7 26. h4 h5
27. Qe7 Qb4 28. Rd1 Qa3 29. e5 Qxa2 30. exd6 Qxb3 31. Rd4 Qb1+ 32. Kh2 Qb6 33.
Rd2 Qb4 34. Rd1 Qb3 35. Rc1 Qb4 36. Rc7 Qf4+ 37. Kg1 b5 38. g3 Qf6 39. Qxf8+
Kxf8 40. Rc8+ Kg7 41. d7 
1-0

[Event "NNM i Tromso 2017"]
[Site "Veitasenteret"]
[Date "2017.06.03"]
[Round "2"]
[White "Lund, Gunnar"]
[Black "Engegård, Ødøn Toth"]
[Result "1-0"]
[WhiteElo "1914"]
[BlackElo "1926"]
[Annotator "RV-H"]
[PlyCount "62"]
[EventDate "2017.??.??"]
[Source "ChessBase"]
[SourceDate "2009.11.30"]

1. e4 c5 2. Nf3 Nc6 3. Bb5 Qc7 4. O-O a6 5. Bxc6 dxc6 6. d3 e5 7. a4 a5 8. h3
Ne7 9. Be3 Ng6 10. Nbd2 Be6 11. b3 Bd6 12. Nc4 Bxc4 13. bxc4 f6 14. Rb1 Nf4 15.
Nh4 g6 16. Qg4 h5 17. Qf3 Qh7 18. Bxf4 exf4 19. e5 Bxe5 20. Qe4 O-O-O 21. Qxg6
Qc7 22. Rfe1 Kb8 23. Qf5 Rdg8 {Ingen av noteringsskjemaene spesifiserer
hvilket tårn som går til g8, men partifortsettelsen tyder på Tdg8.}
24. Qe4 Qd7 25. Kh1 Ka8 26. Rb3 f3 27. Qxf3 Rg4 28. Qf5 Qxf5 29. Nxf5 Rf4 30.
Ng3 Rxf2 31. Ne4 Rg8 
1-0

[Event "NNM i Tromso 2017"]
[Site "Veitasenteret"]
[Date "2017.06.03"]
[Round "2"]
[White "Johansen, Gøran"]
[Black "Valvåg, Torbjørn"]
[Result "0-1"]
[WhiteElo "1669"]
[BlackElo "1524"]
[Annotator "RV-H"]
[PlyCount "112"]
[EventDate "2017.??.??"]
[Source "ChessBase"]
[SourceDate "2009.11.30"]

1. e4 c5 2. d4 cxd4 3. c3 dxc3 4. Nxc3 e6 5. Nf3 Bb4 6. Qd4 Bxc3+ 7. Qxc3 Nf6
8. Bg5 O-O 9. Bd3 Nc6 10. e5 Nd5 11. Bxh7+ Kh8 12. Bxd8 Nxc3 13. bxc3 Rxd8 14.
Bd3 d5 15. O-O-O b6 16. Rhe1 Bb7 17. Nd4 a6 18. Kd2 Na5 19. Rb1 b5 20. a4 bxa4
21. Rb4 Bc6 22. Nxc6 Nxc6 23. Rxa4 a5 24. Bb5 Rdc8 25. f4 Rab8 26. Rb1 Rb6 27.
Bd3 Rxb1 28. Bxb1 Rb8 29. Kc2 f6 30. exf6 gxf6 31. Ba2 Kg7 32. Bb3 Rh8 33. h3
Kf7 34. f5 Rg8 35. fxe6+ Kxe6 36. g4 Rh8 37. Re4+ Kd6 38. Re3 Ne5 39. Rg3 Rh4
40. Kd2 Kc5 41. Ke3 Rh8 42. Kf4 Rb8 43. Ba4 Kc4 44. g5 Nd3+ 45. Rxd3 Kxd3 46.
gxf6 Kxc3 47. Ke5 d4 48. f7 d3 49. Be8 d2 50. f8=Q d1=Q 51. Qa3+ Rb3 52. Qxa5+
Kb2 53. Qa4 Re3+ 54. Kf5 Qf3+ 55. Qf4 Qxh3+ 56. Kg5 Rg3+ {(Takk til Ole Kristian Valvåg for korrekt PGN-fil.)} 
0-1

[Event "NNM i Tromso 2017"]
[Site "Veitasenteret"]
[Date "2017.06.03"]
[Round "2"]
[White "Pettersen, Johan"]
[Black "Halvorsen, Benjamin"]
[Result "0-1"]
[WhiteElo "1934"]
[BlackElo "1694"]
[PlyCount "40"]
[EventDate "2017.??.??"]
[Source "ChessBase"]
[SourceDate "2009.11.30"]

1. e4 d5 2. exd5 Qxd5 3. Nf3 Nf6 4. d4 Bg4 5. Be2 e6 6. O-O Bd6 7. c4 Qh5 8. h3
Bxh3 9. gxh3 Qxh3 10. Ne5 Nc6 11. Bf4 O-O-O 12. Qb3 Qf5 13. Qe3 Bxe5 14. dxe5
Ng4 15. Bxg4 Qxg4+ 16. Qg3 Qf5 17. Re1 g5 18. Bd2 Nd4 19. Re3 Nc2 20. Ra3 Nxa1
0-1

[Event "NNM i Tromso 2017"]
[Site "Veitasenteret"]
[Date "2017.06.03"]
[Round "3"]
[White "Greibrokk, Maria"]
[Black "Schjelderup, Nils-Jakob"]
[Result "0-1"]
[WhiteElo "1623"]
[BlackElo "1831"]
[Annotator "RV-H"]
[PlyCount "76"]
[EventDate "2017.??.??"]
[Source "ChessBase"]
[SourceDate "2009.11.30"]

1. e4 d6 2. d4 Nf6 3. Nc3 c6 4. Nf3 Bg4 5. Be2 e6 6. Bg5 Be7 7. h3 Bxf3 8. Bxf3
d5 9. exd5 cxd5 10. O-O O-O 11. Bf4 Nc6 12. Qd2 Rc8 13. Rac1 {Ett
noteringsskjema angir disse to trekkene som "Taco." "Jatakk!"} a6 14. a4 Qa5
15. Ra1 Nd7 16. Ne2 Qb6 17. a5 Qd8 18. Qe1 Nb4 19. Qd1 Nxc2 20. Rc1 Nb4 21. Ra1
Nf6 22. Ng3 Bd6 23. Bxd6 Qxd6 24. Rc1 Rc6 25. Rxc6 Nxc6 26. Qd2 Qb4 27. Qxb4
Nxb4 28. Ne2 Rc8 29. b3 Ne8 30. Rd1 Nd6 31. Rb1 Kf8 32. Kf1 Nb5 33. Rd1 Nc2 34.
Kg1 Ke7 35. Kf1 Kd7 36. Kg1 Rc7 37. Kf1 Nc3 38. Nxc3 Rxc3 
0-1

[Event "NNM i Tromso 2017"]
[Site "Veitasenteret"]
[Date "2017.06.03"]
[Round "3"]
[White "Schouten, Mathias Lind"]
[Black "Schmidt, Kristian H"]
[Result "0-1"]
[WhiteElo "1698"]
[BlackElo "1530"]
[PlyCount "108"]
[EventDate "2017.??.??"]
[Source "ChessBase"]
[SourceDate "2009.11.30"]

1. e4 d5 2. exd5 Nf6 3. d4 Bg4 4. Be2 Bxe2 5. Nxe2 Qxd5 6. Nf4 Qa5+ 7. Nc3 Nc6
8. Bd2 Qf5 9. Nce2 O-O-O 10. c3 e5 11. dxe5 Ne4 12. Ng3 Nxg3 13. hxg3 Nxe5 14.
Qa4 Bc5 15. Be3 Bxe3 16. fxe3 a6 17. Rd1 Rxd1+ 18. Kxd1 Qg4+ 19. Ke1 g5 20.
Rxh7 Rd8 21. Rg7 Nd3+ 22. Kf1 Nxb2 23. Qb3 Rd1+ 24. Kf2 Rd2+ 25. Ke1 Qd1+ 26.
Qxd1 Rxd1+ 27. Ke2 gxf4 28. gxf4 Rd7 29. Rg8+ Rd8 30. Rg7 Rf8 31. g4 Nc4 32.
Kd3 Nd6 33. e4 Kd8 34. e5 Ne8 35. Rh7 Ke7 36. g5 Rg8 37. Ke4 Rg6 38. Rh6 c6 39.
Rh5 Nc7 40. f5 Rg8 41. c4 c5 42. a4 Kf8 43. a5 Kg7 44. f6+ Kg6 45. Rh1 Ne6 46.
Rh6+ Kxg5 47. Rh1 Rd8 48. Rg1+ Kh4 49. Rh1+ Kg3 50. Rg1+ Kf2 51. Rg4 Rd4+ 52.
Kf5 Rxg4 53. Kxg4 Ke3 54. Kf5 Kd4 
0-1

[Event "NNM i Tromso 2017"]
[Site "Veitasenteret"]
[Date "2017.06.03"]
[Round "3"]
[White "Vestjord, Harald Christian"]
[Black "Holand, Per Fredrik"]
[Result "1-0"]
[WhiteElo "1760"]
[BlackElo "1726"]
[PlyCount "75"]
[EventDate "2017.??.??"]
[Source "ChessBase"]
[SourceDate "2009.11.30"]

1. d4 d5 2. c4 e6 3. Nc3 c6 4. e3 Nf6 5. Nf3 Nbd7 6. Qc2 Bd6 7. b3 O-O 8. Bd3
Re8 9. O-O e5 10. cxd5 cxd5 11. Nb5 Bb8 12. dxe5 Nxe5 13. Nxe5 Bxe5 14. Bb2
Bxh2+ 15. Kxh2 Ng4+ 16. Kg1 Qh4 17. Rfe1 Qh2+ 18. Kf1 Qh1+ 19. Ke2 Qxg2 20. Kd2
Nxe3 21. Rxe3 Qxf2+ 22. Re2 Rxe2+ 23. Bxe2 Bg4 24. Qd3 Re8 25. Re1 h5 26. Bd4
Qg2 27. Nd6 Re6 28. Nf5 Re4 29. Ne3 Qh2 30. Nxg4 hxg4 31. Rg1 g3 32. Bxa7 Re8
33. a4 d4 34. Bxd4 Rd8 35. Qe3 Qf2 36. Qxf2 gxf2 37. Rxg7+ Kf8 38. Rg4 
1-0

[Event "NNM i Tromso 2017"]
[Site "Veitasenteret"]
[Date "2017.06.03"]
[Round "3"]
[White "Merzliakov, Vladimir"]
[Black "Vik-Hansen, Rune"]
[Result "1-0"]
[WhiteElo "1489"]
[BlackElo "1882"]
[PlyCount "31"]
[EventDate "2017.??.??"]
[Source "ChessBase"]
[SourceDate "2009.11.30"]

1. d4 Nf6 2. c4 g6 3. Nc3 Bg7 4. e4 d6 5. h3 O-O 6. Bd3 c5 7. d5 e6 8. Nf3 exd5
9. exd5 Re8+ 10. Be3 Bh6 11. Qd2 Qe7 12. Nd1 Ne4 13. Bxe4 Qxe4 14. Qe2 f5 15.
Nc3 Qe7 16. Bxh6 
1-0

[Event "NNM i Tromso 2017"]
[Site "Veitasenteret"]
[Date "2017.06.03"]
[Round "3"]
[White "Norvoll, Pål"]
[Black "Lund, Gunnar"]
[Result "0-1"]
[WhiteElo "1638"]
[BlackElo "1914"]
[PlyCount "86"]
[EventDate "2017.??.??"]
[Source "ChessBase"]
[SourceDate "2009.11.30"]

1. e4 e5 2. Nf3 Nc6 3. d4 exd4 4. Nxd4 Nf6 5. Nc3 Bb4 6. Nxc6 bxc6 7. Bd3 O-O
8. O-O d5 9. e5 Ng4 10. Bf4 Re8 11. h3 Nxe5 12. Bxh7+ Kxh7 13. Qh5+ Kg8 14.
Bxe5 Bd6 15. Bxd6 Qxd6 16. Rfe1 Bd7 17. Qf3 Qg6 18. Rxe8+ Rxe8 19. Rc1 Bf5 20.
Nb1 Bxc2 21. Na3 Bd3 22. Qf4 Re2 23. Qxc7 Be4 24. Qd8+ Kh7 25. Qh4+ Kg8 26.
Qd8+ Kh7 27. Qh4+ Qh6 28. Qxh6+ gxh6 29. Rxc6 Rxb2 30. Rc7 Kg7 31. Rxa7 Rxa2
32. Nb5 Rd2 33. Nd6 Bg6 34. Ne8+ Kf8 35. Nf6 d4 36. Ra8+ Ke7 37. Ng8+ Kd7 38.
Nxh6 Rd1+ 39. Kh2 d3 40. Ra7+ Kc6 41. Nxf7 Bxf7 42. Rxf7 d2 43. Rf6+ Kc5 
0-1

[Event "NNM i Tromso 2017"]
[Site "Veitasenteret"]
[Date "2017.06.03"]
[Round "3"]
[White "Halvorsen, Benjamin"]
[Black "Valvåg, Torbjørn"]
[Result "0-1"]
[WhiteElo "1694"]
[BlackElo "1524"]
[PlyCount "48"]
[EventDate "2017.??.??"]
[Source "ChessBase"]
[SourceDate "2009.11.30"]

1. e4 c5 2. Nf3 d6 3. d4 cxd4 4. Nxd4 Nf6 5. Nc3 g6 6. Be3 Bg7 7. f3 O-O 8. Qd2
Nc6 9. g4 Bd7 10. O-O-O h5 11. Bh6 hxg4 12. Bxg7 Kxg7 13. f4 Rc8 14. e5 dxe5
15. Nxc6 Bxc6 16. Qe1 Qc7 17. fxe5 Bxh1 18. exf6+ exf6 19. Rd3 Bf3 20. Rd2 Rfe8
21. Qh4 Rh8 22. Qe1 Rxh2 23. Nb5 Qf4 24. Nxa7 Re8 
0-1

[Event "NNM i Tromso 2017"]
[Site "Veitasenteret"]
[Date "2017.06.03"]
[Round "3"]
[White "Pettersen, Johan"]
[Black "Johansen, Gøran"]
[Result "1-0"]
[WhiteElo "1934"]
[BlackElo "1669"]
[PlyCount "65"]
[EventDate "2017.??.??"]
[Source "ChessBase"]
[SourceDate "2009.11.30"]

1. d4 Nf6 2. c4 g6 3. Nc3 Bg7 4. e4 d6 5. f4 e5 6. fxe5 dxe5 7. d5 O-O 8. Nf3
c6 9. Bd3 Qc7 10. O-O Na6 11. a3 Nc5 12. b4 Nxd3 13. Qxd3 cxd5 14. cxd5 Ne8 15.
Nb5 Qd8 16. Bg5 f6 17. Bh4 g5 18. Bf2 a6 19. Nc3 Nd6 20. Bc5 b6 21. Bxd6 Qxd6
22. Nd2 b5 23. Nb3 Rf7 24. Nc5 Bf8 25. Ne2 Qb6 26. Rac1 Rc7 27. Qe3 Bg4 28. Ng3
Rac8 29. h3 Bd7 30. Nh5 Bg7 31. Qf2 Qa7 32. Nxg7 Rxc5 33. bxc5 
1-0

[Event "NNM i Tromso 2017"]
[Site "Veitasenteret"]
[Date "2017.06.04"]
[Round "4"]
[White "Mikalsen, Bengt Arne"]
[Black "Vestjord, Harald Christian"]
[Result "1/2-1/2"]
[WhiteElo "1727"]
[BlackElo "1760"]
[Annotator "RV-H"]
[PlyCount "128"]
[EventDate "2017.??.??"]
[Source "ChessBase"]
[SourceDate "2009.11.30"]

1. e4 c6 2. d4 d5 3. exd5 cxd5 4. Nf3 Nc6 5. c3 Qc7 6. Bd3 Bg4 7. O-O e6 8. h3
Bh5 9. Nbd2 Nf6 10. Re1 Bd6 11. b3 O-O 12. Bb2 e5 13. dxe5 Nxe5 14. Be2 Ne4 15.
Nxe4 dxe4 16. Nxe5 Bxe2 17. Rxe2 Bxe5 18. Rxe4 Rad8 19. Qe2 Bd6 20. c4 Qd7 21.
Kf1 Rfe8 22. Rd1 {Noteringsskjemaet angir noe som ligner 22.Te1, men
partifortsettelsen antyder teksttrekket (se trekk 27)} Rxe4 23. Qxe4 Qc7 24.
Qd4 f6 25. Qd5+ Kh8 26. Qe6 Bb4 27. Rxd8+ Qxd8 28. Qd5 Qe7 29. g3 Bc5 30. a3 a5
31. Bc3 Bxa3 32. Bxa5 g6 33. Qd8+ Qxd8 34. Bxd8 Kg7 35. Ke2 Kf7 36. Kd3 Bc5 {
Noteringsskjemaet angir 36...Ld5, men partifortsettelsen antyder teksttrekket
(se trekk 39).} 37. f3 Ke6 38. Ba5 f5 39. Bc3 Bf2 40. g4 fxg4 41. fxg4 h5 $11
42. gxh5 gxh5 43. Ke4 Bg3 44. Bd2 Bh4 45. b4 Be7 46. b5 Bc5 47. Be3 Bd6 48. c5
Be7 49. Kd4 Bf6+ 50. Kc4 Be5 51. Bd4 Bg3 52. c6 bxc6 53. bxc6 Kd6 54. Kb5 Kc7
55. Bb6+ Kc8 56. Kc4 h4 57. Kd5 Be1 58. Ke6 Bg3 59. Kf5 Be1 60. Kg4 Bg3 61. Be3
Kc7 62. Bf4+ Kxc6 63. Bxg3 hxg3 64. Kxg3 Kd6 
1/2-1/2

[Event "NNM i Tromso 2017"]
[Site "Veitasenteret"]
[Date "2017.06.04"]
[Round "4"]
[White "Vik-Hansen, Rune"]
[Black "Greibrokk, Maria"]
[Result "0-1"]
[WhiteElo "1882"]
[BlackElo "1623"]
[PlyCount "42"]
[EventDate "2017.??.??"]
[Source "ChessBase"]
[SourceDate "2009.11.30"]

1. e4 c5 2. Nf3 d6 3. d4 cxd4 4. Nxd4 Nf6 5. Nc3 g6 6. Be3 Bg7 7. f3 O-O 8. Bc4
Nc6 9. Qd2 Bd7 10. O-O-O Rc8 11. Bb3 a6 12. g4 b5 13. Nxc6 Rxc6 14. h4 h5 15.
Nd5 Nxd5 16. exd5 Rc8 17. gxh5 Bf5 18. hxg6 a5 19. a4 bxa4 20. Bxa4 Rc4 21. b3
Qb8 
0-1

[Event "NNM i Tromso 2017"]
[Site "Veitasenteret"]
[Date "2017.06.04"]
[Round "4"]
[White "Schmidt, Kristian H"]
[Black "Lund, Gunnar"]
[Result "0-1"]
[WhiteElo "1530"]
[BlackElo "1914"]
[PlyCount "58"]
[EventDate "2017.??.??"]
[Source "ChessBase"]
[SourceDate "2009.11.30"]

1. b4 e5 2. Bb2 Bxb4 3. Bxe5 Nf6 4. Nf3 O-O 5. a3 Be7 6. e3 d5 7. c4 Nc6 8. Bb2
Bg4 9. cxd5 Nxd5 10. Be2 Bf6 11. d4 Nce7 12. Nbd2 Rc8 13. Ne4 c5 14. Nxf6+ Nxf6
15. O-O c4 16. a4 Ne4 17. Qc2 c3 18. Ba3 Bxf3 19. Bxf3 Nd2 20. Bxb7 Rc7 21. Ba6
Nxf1 22. Rxf1 Qd5 23. Bc5 Rxc5 24. dxc5 Qxc5 25. Rc1 Nd5 26. Bd3 g6 27. e4 Nf4
28. Qxc3 Qg5 29. g3 Nxd3 
0-1

[Event "NNM i Tromso 2017"]
[Site "Veitasenteret"]
[Date "2017.06.04"]
[Round "4"]
[White "Holand, Per Fredrik"]
[Black "Pettersen, Johan"]
[Result "1-0"]
[WhiteElo "1726"]
[BlackElo "1934"]
[PlyCount "129"]
[EventDate "2017.??.??"]
[Source "ChessBase"]
[SourceDate "2009.11.30"]

1. e4 e6 2. d4 d5 3. Bd3 dxe4 4. Bxe4 Nf6 5. Bf3 c5 6. Ne2 Qc7 7. Bf4 Bd6 8.
Bxd6 Qxd6 9. Nbc3 a6 10. O-O O-O 11. dxc5 Qxc5 12. Qd4 Qc7 13. Rfd1 Nc6 14.
Bxc6 Qxc6 15. Qd6 Bd7 16. Rd2 Rfd8 17. Rad1 Qxd6 18. Rxd6 Kf8 19. Na4 Ke7 20.
Nb6 Bc6 21. Rxd8 Rxd8 22. Rxd8 Kxd8 23. Nd4 Kc7 24. Nc4 Nd7 25. f3 Bd5 26. Ne3
Kd6 27. c4 Bc6 28. Kf2 Ne5 29. Ke2 Kc5 30. Nxc6 bxc6 31. b3 Kb4 32. Kd2 Ka3 33.
Kc3 Kxa2 34. Nc2 a5 35. b4 axb4+ 36. Nxb4+ Ka3 37. f4 Ng6 38. Nxc6 Nxf4 39. g3
Ng6 40. Nd8 Ka4 41. Nxf7 h6 42. Kd4 Kb4 43. Ne5 Ne7 44. Nd3+ Kb3 45. Nc5+ Kb4
46. Nxe6 Nc6+ 47. Kd5 Ne7+ 48. Kd6 Nf5+ 49. Ke5 Ne3 50. c5 Kb5 51. Kd6 Nc4+ 52.
Ke7 g5 53. Kf6 Kc6 54. Nd4+ Kxc5 55. Nf5 Kd5 56. Nxh6 Ne5 57. Kf5 Nf3 58. h3
Ng1 59. Kg4 Ke6 60. Nf5 Nf3 61. Ng7+ Kf7 62. Kxf3 Kxg7 63. Ke4 Kg6 64. Kd5 Kf5
65. g4+ 
1-0

[Event "NNM i Tromso 2017"]
[Site "Veitasenteret"]
[Date "2017.06.04"]
[Round "4"]
[White "Valvåg, Torbjørn"]
[Black "Schouten, Mathias Lind"]
[Result "0-1"]
[WhiteElo "1524"]
[BlackElo "1698"]
[Annotator "RV-H"]
[PlyCount "48"]
[EventDate "2017.??.??"]
[Source "ChessBase"]
[SourceDate "2009.11.30"]

1. c3 Nf6 2. d4 d5 3. Bf4 Bf5 4. e3 e6 5. Nf3 c5 6. Bd3 Bg6 7. Bxg6 hxg6 8. h3
Qb6 9. Qb3 c4 10. Qxb6 axb6 11. Nbd2 b5 12. Ke2 Nc6 13. Rhb1 b4 14. Kd1 Be7 15.
Kc2 O-O 16. Nh2 Ra7 17. b3 b5 18. bxc4 bxc4 19. f3 Ra3 20. cxb4 Nxb4+ 21. Kc1
Rfa8 22. Ndf1 Nxa2+ 23. Kb2 c3+ 24. Kc2 Nb4+ {(Takk til Ole Kristian Valvåg for assistanse i rekonstruksjonen av partiet.)} 
0-1

[Event "NNM i Tromso 2017"]
[Site "Veitasenteret"]
[Date "2017.06.04"]
[Round "4"]
[White "Engegård, Ødøn Toth"]
[Black "Merzliakov, Vladimir"]
[Result "1-0"]
[WhiteElo "1926"]
[BlackElo "1489"]
[PlyCount "43"]
[EventDate "2017.??.??"]
[Source "ChessBase"]
[SourceDate "2009.11.30"]

1. e4 c5 2. c3 Nc6 3. Nf3 d5 4. exd5 Qxd5 5. d4 Bg4 6. Be2 cxd4 7. cxd4 Bxf3 8.
Bxf3 Qa5+ 9. Nc3 O-O-O 10. Be3 e5 11. d5 Bb4 12. O-O Nge7 13. Qc1 Nd4 14. Nb5+
Kb8 15. Nxd4 exd4 16. Bxd4 Nxd5 17. Bxg7 Bd2 18. Qc4 Rhg8 19. Be5+ Ka8 20. b4
Nxb4 21. Qxf7 Nc6 22. Bc7 
1-0